Statistics for Greatest All-Time Premier League XI

Click here to take the quiz!

General Stats

  • This quiz has been taken 156 times
  • The average score is 9 of 11

Answer Stats

PositionPlayer% Correct
LBAshley Cole
92%
RCMSteven Gerrard
92%
LSThierry Henry
89%
LCMPaul Scholes
88%
RSAlan Shearer
85%
RWCristiano Ronaldo
85%
RBGary Neville
84%
GKPeter Schmeichel
84%
LWRyan Giggs
80%
RCBSol Campbell
54%
LCBTony Adams
48%

Score Distribution

Percentile by Number Answered

Percent of People with Each Score

Your Score History

You have not taken this quiz